| 000 | 01616cam a22003254a 4500 | ||
|---|---|---|---|
| 999 |
_c332179 _d332179 |
||
| 001 | 12860792 | ||
| 003 | NUST | ||
| 005 | 20171116123309.0 | ||
| 008 | 020719s2003 njua b 001 0 eng | ||
| 010 | _a 2002028897 | ||
| 020 | _a0471394351 (cloth : alk. paper) | ||
| 040 |
_aDLC _cDLC _dDLC |
||
| 042 | _apcc | ||
| 050 | 0 | 0 |
_aTD192.75 _b.M38 2003 |
| 082 | 0 | 0 |
_a628.5 MCC _221 |
| 245 | 0 | 0 |
_aPhytoremediation : _btransformation and control of contaminants / _cedited by Steven C. McCutcheon, Jerald L. Schnoor. |
| 260 |
_aHoboken, N.J. : _bWiley-Interscience, _cc2003. |
||
| 300 |
_axxviii, 987 p. : _bill. ; _c25 cm. |
||
| 440 | 0 |
_aEnvironmental science and technology _95002 |
|
| 500 | _aH.B | ||
| 504 | _aIncludes bibliographical references and indexes. | ||
| 650 | 0 |
_aPhytoremediation. _96472 |
|
| 700 | 1 |
_aMcCutcheon, Steve C. _96473 |
|
| 700 | 1 |
_aSchnoor, Jerald L. _96474 |
|
| 856 | 4 | 2 |
_3Contributor biographical information _uhttp://www.loc.gov/catdir/bios/wiley044/2002028897.html |
| 856 | 4 | 1 |
_3Table of contents _uhttp://www.loc.gov/catdir/toc/wiley041/2002028897.html |
| 856 | 4 | 2 |
_3Publisher description _uhttp://www.loc.gov/catdir/description/wiley037/2002028897.html |
| 856 | 4 | 2 |
_3Book review (E-STREAMS) _uhttp://www.e-streams.com/es0704/es0704_3171.html |
| 906 |
_a7 _bcbc _corignew _d1 _eocip _f20 _gy-gencatlg |
||
| 942 |
_2ddc _cBK _kIESE |
||